000 00895nas a2200277 4500
001 BR2017000077
003 BR-BrBNA
005 20231205130810.0
007 ta
008 230509b bl.|||p| |||| 00| 00por d
040 _aBR-BrBNA
_bpor
_cBiblioteca Nacional de Agricultura
041 _a(En)
072 _aP01
100 1 _aCosta, T. de O.
100 1 _aAssis, L.R. de
100 1 _aCalijuri, M.L.
100 1 _aAssemany, P.P.
100 1 _aLima, G.S.
245 1 _aDefining priority zones for conservation and ecotourism in a protected area
650 _aZONEAMENTO ECOLÓGICO
650 _aPRESERVAÇÃO DA NATUREZA
773 0 _tRevista Árvore (Brazil)
_xISSN 1806-9088
_g(Sep-Oct 2016), v. 40(5) p. 769-779
_wBR2017000077
856 4 0 _uhttp://www.scielo.br/pdf/rarv/v40n5/0100-6762-rarv-40-05-0769.pdf
909 _a202311
_bLúcia
_c55
_dLúcia Elande
942 _2AGRIS
_n0
_cANA
999 _c251314
_d251314